006210000a22001690004500090001300000245016400013044001300177041001400190690004100204690003100245651003100276700004100307100003100348942001300379773004200392999001700434 aSERIADAS10aReflexiones sobre la aplicación del enfoque ecosistémico para la conservación de la biodiversidad en la laguna de Fúquene, Andes orientales de Colombia aColombia0 aEspañol aConservación de biodiversidad9345 aEcosistemas andinos997058 4lLaguna de Fúquene9927491 aAndrade Pérez, Germán I.91006541 aFranco Vidal, Lorena95402 cARTICULO1 tPérez Arbelaeziah18q151-167d2007 c16352d16352